Operation Research / (Record no. 62335)

MARC details
000 -LEADER
fixed length control field 00635nam a22001817a 4500
005 - DATE AND TIME OF LATEST TRANSACTION
control field 20120208175721.0
008 - FIXED-LENGTH DATA ELEMENTS--GENERAL INFORMATION
fixed length control field 120208t xxu||||| |||| 00| 0 eng d
020 ## - INTERNATIONAL STANDARD BOOK NUMBER
International Standard Book Number 812032966X
Terms of availability 225.00
035 ## - SYSTEM CONTROL NUMBER
System control number B-227957
040 ## - CATALOGING SOURCE
Original cataloging agency DPL
Language of cataloging ENG
100 ## - MAIN ENTRY--PERSONAL NAME
Personal name Tiwari, N.K., Shandilya, Shishir K.
9 (RLIN) 41264
245 ## - TITLE STATEMENT
Title Operation Research /
Statement of responsibility, etc by N.K. Tiwari
260 ## - PUBLICATION, DISTRIBUTION, ETC. (IMPRINT)
Place of publication, distribution, etc New Delhi
Name of publisher, distributor, etc PHI
Date of publication, distribution, etc 2006
300 ## - PHYSICAL DESCRIPTION
Extent xiii, 292p.
Dimensions 22cms
700 ## - ADDED ENTRY--PERSONAL NAME
Personal name Shandilya, Shishir K.
9 (RLIN) 41265
942 ## - ADDED ENTRY ELEMENTS (KOHA)
Source of classification or shelving scheme Dewey Decimal Classification
Item type English Books
Classification part 003
Call number suffix TIW
Holdings
Withdrawn status Lost status Source of classification or shelving scheme Damaged status Not for loan Collection code Home library Current library Shelving location Date acquired Cost, normal purchase price Total Checkouts Total Renewals Full call number Barcode Date last seen Cost, replacement price Koha item type
    Dewey Decimal Classification     Non-fiction Sarojini Nagar Sarojini Nagar General Stacks 08/02/2012 225.00 1 2 003 TIW B-227957 10/07/2019 225.00 English Books

© Delhi Public Library
Hit Counter
free hit counter